[Event "Cali Masificacion op"]
[Site "Cali"]
[Date "2021.12.29"]
[Round "6"]
[White "Lopez Rayo, Isabella"]
[Black "Narvaez Carvajal, Jose"]
[Result "1-0"]
[WhiteElo "1718"]
[BlackElo "1949"]
[PlyCount "99"]
[EventDate "2021.12.26"]
[EventType "swiss"]
[EventRounds "7"]
[EventCountry "COL"]
[SourceTitle "CBM 205 Extra"]
[Source "ChessBase"]
[SourceDate "2022.01.31"]
[SourceVersion "1"]
[SourceVersionDate "2022.01.31"]
[SourceQuality "1"]

1. e4 d5 2. exd5 Qxd5 3. Nc3 Qd6 4. d4 Nf6 5. Nf3 Bg4 6. h3 Bh5 7. g4 Bg6 8. Ne5 c6 9. h4 Nbd7 10. Bf4 Nd5 11. Nxg6 Qxg6 12. Nxd5 Qe4+ 13. Be3 cxd5 14. Rg1 0-0-0 15. Bd3 Qe6 16. Qd2 Kb8 17. 0-0-0 Qc6 18. Qa5 Rc8 19. Bf4+ Ka8 20. Rd2 e6 21. Rg3 Be7 22. Be2 Qb6 23. Qa4 Nb8 24. Rb3 Qd8 25. Kb1 Bxh4 26. Ra3 Nc6 27. Bb5 Be7 28. Rb3 Na5 29. Rf3 Nc4 30. Rdd3 Rf8 31. Rc3 Nb6 32. Qa5 Rxc3 33. Rxc3 Bd6 34. Be3 Qe7 35. Rb3 Qc7 36. Rc3 Qe7 37. Rb3 Nc4 38. Bxc4 dxc4 39. d5 b6 40. Rxb6 Bc7 41. d6 Qxd6 42. Qxa7+ Kxa7 43. Rxd6+ Kb7 44. Rd7 Kc6 45. Rd4 Kb5 46. a4+ Kb4 47. b3 Bh2 48. Rxc4+ Ka5 49. Rc6 Re8 50. Bd2# 1-0

[Event "ECU-ch"]
[Site "Salinas"]
[Date "2021.12.18"]
[Round "5"]
[White "Narvaez Carvajal, Jose"]
[Black "Quinde Rizzo, Hugo Josue"]
[Result "1-0"]
[WhiteElo "1949"]
[BlackElo "1561"]
[PlyCount "73"]
[EventDate "2021.12.16"]
[EventType "swiss"]
[EventRounds "7"]
[EventCountry "ECU"]
[SourceTitle "EXT 2023"]
[Source "ChessBase"]
[SourceDate "2022.10.05"]
[SourceVersion "1"]
[SourceVersionDate "2022.10.05"]
[SourceQuality "1"]

1. c4 e5 2. d3 Nf6 3. Nf3 Nc6 4. e3 d5 5. cxd5 Nxd5 6. a3 Be7 7. b4 a6 8. Bb2 f6 9. Be2 Be6 10. 0-0 0-0 11. Qc2 Kh8 12. Nbd2 a5 13. b5 Na7 14. d4 Qd7 15. dxe5 Nxb5 16. exf6 Bxf6 17. Bxf6 Nxf6 18. Bxb5 Qxb5 19. Nd4 Qd7 20. Nxe6 Qxe6 21. Qxc7 Rf7 22. Qc4 Qe7 23. Nf3 Ne4 24. Rac1 Raf8 25. Ne5 Rf5 26. Qxe4 Rxe5 27. Qd4 Ref5 28. a4 Qf7 29. e4 Rh5 30. Rc5 Rh6 31. Rxa5 Qf4 32. Qe5 Qd2 33. Rb5 b6 34. h3 Rhf6 35. f3 Rg8 36. Qh2 h6 37. Kh1 1-0

[Event "ECU-ch"]
[Site "Banos de Agua Santa"]
[Date "2020.03.13"]
[Round "6"]
[White "Narvaez Carvajal, Jose"]
[Black "Ricaurte Macancela, Juan Carlos"]
[Result "1/2-1/2"]
[WhiteElo "1981"]
[BlackElo "1845"]
[PlyCount "93"]
[EventDate "2020.03.10"]
[EventType "swiss"]
[EventRounds "9"]
[EventCountry "ECU"]
[SourceTitle "CBM 195 Extra"]
[Source "ChessBase"]
[SourceDate "2020.05.31"]
[SourceVersion "1"]
[SourceVersionDate "2020.05.31"]
[SourceQuality "1"]

1. e4 e6 2. d4 d5 3. Bd3 dxe4 4. Bxe4 Nf6 5. Bf3 c5 6. Ne2 Nc6 7. Be3 Qb6 8. Nbc3 cxd4 9. Nxd4 Bc5 10. Nxc6 Bxe3 11. fxe3 bxc6 12. Qd6 Bb7 13. 0-0-0 Rd8 14. Qa3 Qxe3+ 15. Kb1 Qb6 16. Rxd8+ Kxd8 17. Rd1+ Kc8 18. Na4 Qa5 19. b3 Nd5 20. Bxd5 cxd5 21. Rd3 Kb8 22. Rc3 Rc8 23. Rxc8+ Bxc8 24. Qf8 Qe1+ 25. Kb2 Qe5+ 26. Ka3 f5 27. Nc5 Kc7 28. Qe7+ Kc6 29. Qxa7 Qc7 30. Qxc7+ Kxc7 31. Kb4 e5 32. a4 Kc6 33. a5 e4 34. a6 Kb6 35. a7 Kxa7 36. Kc3 Kb6 37. Kd4 Kc6 38. b4 f4 39. c4 dxc4 40. Nxe4 Be6 41. Nc3 g5 42. Ke5 Bc8 43. Kd4 Be6 44. Ke5 Bd7 45. h4 h6 46. hxg5 hxg5 47. Ne4 1/2-1/2